Given Names Tile Select Quiz - Statistics

General Stats
  • This quiz has been taken 12 times
  • The average score is 54 of 90
Answer Stats
Question Tile Select % Correct
female names which have reached the #1 spot in the United States official name statistics since 1900 Emma Yes
100%
male names which are in the Top Ten in the United States official name statistics for 2024 Oliver Yes
100%
female names which are in the Top Ten in the United States official name statistics for 2024 Ava Yes
92%
female names which are in the Top Ten in the United States official name statistics for 2024 Eleanor No
92%
male names which have reached the #1 spot in the United States official name statistics since 1900 John Yes
92%
female names which have reached the #1 spot in the United States official name statistics since 1900 Mary Yes
92%
male names which have reached the #1 spot in the United States official name statistics since 1900 Richard No
92%
French names Sharif No
92%
French names Chloé Yes
83%
Japanese names Dafne No
83%
French names Dominique Yes
83%
names which are variations of Elizabeth Ethel No
83%
French names Franz No
83%
names which are variations of John Gene No
83%
names which are variations of Elizabeth Isla No
83%
names which are variations of John Johannes Yes
83%
male names which have reached the #1 spot in the United States official name statistics since 1900 Liam Yes
83%
male names which have reached the #1 spot in the United States official name statistics since 1900 Michael Yes
83%
Japanese names Satoshi Yes
83%
names which are variations of Elizabeth Betsy Yes
75%
names which are variations of Elizabeth Ellis No
75%
names which are variations of John Jack Yes
75%
Japanese names Jael No
75%
male names which are in the Top Ten in the United States official name statistics for 2024 Levi No
75%
names which are variations of Elizabeth Libby Yes
75%
French names Marie-Pierre Yes
75%
French names Órlaith No
75%
male names which are in the Top Ten in the United States official name statistics for 2024 Samuel No
75%
female names which are in the Top Ten in the United States official name statistics for 2024 Sofia Yes
75%
French names Adrien Yes
67%
names which, as of 2025, have never appeared in the Top 1000 in the United States official name statistics Alistair No
67%
names which are variations of Elizabeth Alžběta Yes
67%
male names which are in the Top Ten in the United States official name statistics for 2024 Benjamin No
67%
female names which are in the Top Ten in the United States official name statistics for 2024 Camila No
67%
Japanese names Daisuke Yes
67%
names which increased in popularity in 2024, according to the United States official name statistics Duncan No
67%
names which increased in popularity in 2024, according to the United States official name statistics Elodie Yes
67%
names which, as of 2025, have never appeared in the Top 1000 in the United States official name statistics Emeric Yes
67%
French names Genoveva No
67%
names which are variations of John Giannis Yes
67%
names which, as of 2025, have never appeared in the Top 1000 in the United States official name statistics Guglielmo Yes
67%
names which increased in popularity in 2024, according to the United States official name statistics Halo Yes
67%
Japanese names Hikari Yes
67%
names which are variations of John Ivan Yes
67%
female names which are in the Top Ten in the United States official name statistics for 2024 Luna No
67%
names which, as of 2025, have never appeared in the Top 1000 in the United States official name statistics Mairead Yes
67%
Japanese names Maki Yes
67%
female names which are in the Top Ten in the United States official name statistics for 2024 Mia Yes
67%
names which, as of 2025, have never appeared in the Top 1000 in the United States official name statistics Pandora No
67%
female names which are in the Top Ten in the United States official name statistics for 2024 Amelia Yes
58%
female names which are in the Top Ten in the United States official name statistics for 2024 Charlotte Yes
58%
names which are variations of Elizabeth Elixabete Yes
58%
names which are variations of Elizabeth Isabel Yes
58%
male names which have reached the #1 spot in the United States official name statistics since 1900 James Yes
58%
female names which have reached the #1 spot in the United States official name statistics since 1900 Linda Yes
58%
male names which are in the Top Ten in the United States official name statistics for 2024 Lucas Yes
58%
names which increased in popularity in 2024, according to the United States official name statistics Princess No
58%
names which are variations of John Sean Yes
58%
male names which are in the Top Ten in the United States official name statistics for 2024 Theodore Yes
58%
names which, as of 2025, have never appeared in the Top 1000 in the United States official name statistics Verity Yes
58%
names which, as of 2025, have never appeared in the Top 1000 in the United States official name statistics Dashiell Yes
50%
names which, as of 2025, have never appeared in the Top 1000 in the United States official name statistics Imogen Yes
50%
female names which have reached the #1 spot in the United States official name statistics since 1900 Jennifer Yes
50%
male names which are in the Top Ten in the United States official name statistics for 2024 Mateo Yes
50%
male names which have reached the #1 spot in the United States official name statistics since 1900 Noah Yes
50%
French names Serge Yes
50%
male names which have reached the #1 spot in the United States official name statistics since 1900 William No
50%
Japanese names Ejike No
42%
female names which have reached the #1 spot in the United States official name statistics since 1900 Emily Yes
42%
names which are variations of John Evan Yes
42%
female names which are in the Top Ten in the United States official name statistics for 2024 Evelyn Yes
42%
male names which are in the Top Ten in the United States official name statistics for 2024 Henry Yes
42%
female names which have reached the #1 spot in the United States official name statistics since 1900 Jessica Yes
42%
Japanese names Ren Yes
42%
names which increased in popularity in 2024, according to the United States official name statistics Wrenlee Yes
42%
names which are variations of Elizabeth Bethany No
33%
names which are variations of John Jens Yes
33%
female names which have reached the #1 spot in the United States official name statistics since 1900 Lisa Yes
33%
names which increased in popularity in 2024, according to the United States official name statistics Mikayla No
33%
female names which have reached the #1 spot in the United States official name statistics since 1900 Sophia Yes
33%
names which increased in popularity in 2024, according to the United States official name statistics Zymir Yes
33%
names which are variations of John Jonathan No
25%
names which increased in popularity in 2024, according to the United States official name statistics Truce Yes
25%
male names which are in the Top Ten in the United States official name statistics for 2024 Elijah Yes
17%
names which, as of 2025, have never appeared in the Top 1000 in the United States official name statistics Hamish Yes
17%
female names which have reached the #1 spot in the United States official name statistics since 1900 Isabella Yes
17%
Japanese names Naomi Yes
17%
male names which have reached the #1 spot in the United States official name statistics since 1900 Jacob Yes
8%
male names which have reached the #1 spot in the United States official name statistics since 1900 Robert Yes
8%
names which increased in popularity in 2024, according to the United States official name statistics Scottie Yes
0%
No matching quizzes found
Score Distribution
Percent of People with Each Score
Percentile by Number Answered
Your Score History
You have not taken this quiz